000 00528nam a2200169Ia 4500
008 150121s9999 xx 000 0 und d
020 _a1908-5060
245 _aCAS Journal of Research /
_h[electronic resource]
260 _bCatanduanes State University-College of Arts and Sciences,
_c2012.
516 _aElectronic text
650 _aLanguages.
650 _aNatural Science.
650 _aSocial Science.
830 _aPhilippine E-Journals
856 _uhttp://www.ejournals.ph/index.php?journal=CASJR
942 _cEJ
999 _c276997
_d276997